Electric motors and drives : fundamentals, types and applications (Record no. 62471)

000 -LEADER
fixed length control field 00783nam a22002297a 4500
003 - CONTROL NUMBER IDENTIFIER
control field NUST - PNEC
005 - DATE AND TIME OF LATEST TRANSACTION
control field 20170116180749.0
008 - FIXED-LENGTH DATA ELEMENTS--GENERAL INFORMATION
fixed length control field 150303b xxu||||| |||| 00| 0 eng d
020 ## - INTERNATIONAL STANDARD BOOK NUMBER
International Standard Book Number 9780080983325
020 ## - INTERNATIONAL STANDARD BOOK NUMBER
International Standard Book Number 9789351071525
022 ## - INTERNATIONAL STANDARD SERIAL NUMBER
International Standard Serial Number 0750647183
040 ## - CATALOGING SOURCE
Transcribing agency LIBRARY
082 ## - DEWEY DECIMAL CLASSIFICATION NUMBER
Classification number 621.46 HUG
Edition number 3rd
100 ## - MAIN ENTRY--PERSONAL NAME
9 (RLIN) 1577
Personal name Hughes Austin
245 ## - TITLE STATEMENT
Title Electric motors and drives : fundamentals, types and applications
Statement of responsibility, etc. Austin Hughes; Bill Drury
250 ## - EDITION STATEMENT
Edition statement 3rd ed.
260 ## - PUBLICATION, DISTRIBUTION, ETC.
Place of publication, distribution, etc. New Delhi
Name of publisher, distributor, etc. Elsevier
Date of publication, distribution, etc. c2006
300 ## - PHYSICAL DESCRIPTION
Extent 436 p. :
650 ## - SUBJECT ADDED ENTRY--TOPICAL TERM
9 (RLIN) 1576
Topical term or geographic name entry element Electric motors
General subdivision ME, IME
856 ## - ELECTRONIC LOCATION AND ACCESS
Uniform Resource Identifier <a href="http://www.amazon.com/Electric-Motors-Drives-Fundamentals-Applications/dp/0080983324/ref=sr_1_1?s=books&ie=UTF8&qid=1425372289&sr=1-1&keywords=9780080983325">http://www.amazon.com/Electric-Motors-Drives-Fundamentals-Applications/dp/0080983324/ref=sr_1_1?s=books&ie=UTF8&qid=1425372289&sr=1-1&keywords=9780080983325</a>
942 ## - ADDED ENTRY ELEMENTS (KOHA)
Source of classification or shelving scheme
Koha item type Book
Holdings
Withdrawn status Lost status Source of classification or shelving scheme Damaged status Not for loan Permanent Location Current Location Shelving location Date acquired Source of acquisition Cost, normal purchase price Total Checkouts Full call number Barcode Date last seen Cost, replacement price Price effective from Koha item type
          Pakistan Navy Engineering College (PNEC) Pakistan Navy Engineering College (PNEC) Reference 02/03/2015 ZS Dictionary Shop / Library Grant 765.00   621.46 HUG PNECLIB-031973 03/03/2015 765.00 02/03/2015 Book
          Pakistan Navy Engineering College (PNEC) Pakistan Navy Engineering College (PNEC) Reference 02/03/2015 ZS Dictionary Shop / Library Grant 765.00   621.46 HUG PNECLIB-031974 03/03/2015 765.00 02/03/2015 Book
          Pakistan Navy Engineering College (PNEC) Pakistan Navy Engineering College (PNEC)     -     621.46 HUG PNECLIB-028751 09/19/2015     Book
© 2023 Central Library, National University of Sciences and Technology. All Rights Reserved.